000 00673nam a22001577a 4500
005 20250808093804.0
008 250808b |||||||| |||| 00| 0 eng d
050 _aTHE HG 4027.7 .O32 2021
_bC.1
100 _aOfunya, John Kennedy
245 _aInfluence of working capital management practices on growth of manufacturing small and medium enterprises in Eldoret Town, Uasin Gishu County, Kenya
260 _aKisii
_bKisii University
_c2021
300 _axvii, 80p.:ill.
500 _aIncludes bibliographical references
650 _a1. Working capital - Management. 2. Small business - Kenya - Finance. 3. Business enterprises - Kenya - Management.
942 _2lcc
_cREF
999 _c216001
_d216001